| 000 | 00500nam a2200181Ia 4500 | ||
|---|---|---|---|
| 008 | 131103s9999 xx 000 0 und d | ||
| 020 |
_a8170554047 _cRs.150.00 |
||
| 040 | _aLoreto College | ||
| 041 | _aEnglish | ||
| 082 |
_a891.43/AWA _bLCLIB/39554 |
||
| 100 | _aAwasthi,Devishankar | ||
| 245 |
_aRachna aur alochna _cDevishankar Awasthi |
||
| 260 |
_aNew Delhi _bVani Prakashan _c1995 |
||
| 300 |
_a171 p. _c 21 cm. |
||
| 650 | _aHindi Literature - Criticism | ||
| 850 | _aLCLIB | ||
| 942 | _cBK | ||
| 999 |
_c18379 _d68858 |
||